<?xml version="1.0" encoding="UTF-8"?>
<record
    xmlns:xsi="http://www.w3.org/2001/XMLSchema-instance"
    xsi:schemaLocation="http://www.loc.gov/MARC21/slim http://www.loc.gov/standards/marcxml/schema/MARC21slim.xsd"
    xmlns="http://www.loc.gov/MARC21/slim">

  <leader>01095nam a22002057a 4500</leader>
  <controlfield tag="003">DO-SdBJH</controlfield>
  <controlfield tag="005">20230808143720.0</controlfield>
  <controlfield tag="008">230808b        |||||||| |||| 00| 0 spa d</controlfield>
  <datafield tag="020" ind1=" " ind2=" ">
    <subfield code="a">84-88424-56-6</subfield>
  </datafield>
  <datafield tag="040" ind1=" " ind2=" ">
    <subfield code="a">DO-SdBJH</subfield>
    <subfield code="b">spa</subfield>
    <subfield code="c">DO-SdBJH</subfield>
  </datafield>
  <datafield tag="090" ind1=" " ind2=" ">
    <subfield code="a">796                       </subfield>
    <subfield code="b">L864s  1993</subfield>
  </datafield>
  <datafield tag="100" ind1=" " ind2=" ">
    <subfield code="a">L&#xF3;pez Mozos de los, Agustina </subfield>
    <subfield code="e">sustentante</subfield>
  </datafield>
  <datafield tag="245" ind1=" " ind2=" ">
    <subfield code="a">Sport training : la forma f&#xED;sica del deportista :</subfield>
    <subfield code="b"> c&#xF3;mo se consigue y  se mantiene : </subfield>
    <subfield code="c">Agustina L&#xF3;pez de los Mozos</subfield>
  </datafield>
  <datafield tag="260" ind1=" " ind2=" ">
    <subfield code="a">Madrid, D.L</subfield>
    <subfield code="b">" Globus Comunicaci&#xF3;n  "</subfield>
    <subfield code="c">1993</subfield>
  </datafield>
  <datafield tag="300" ind1=" " ind2=" ">
    <subfield code="a">111  p&#xE1;ginas</subfield>
    <subfield code="b">ilustraciones</subfield>
    <subfield code="c">20cm</subfield>
  </datafield>
  <datafield tag="502" ind1=" " ind2=" ">
    <subfield code="a">El deporte &#x2026;.15                   El deportista &#x2026;..19              C&#xF3;mo se consigue la forma f&#xED;sica &#x2026;&#x2026;25                       Principios generales del entrenamiento &#x2026;.51            La competici&#xF3;n &#x2026;..67          Cansancio y descanso &#x2026;..73 Apuntes sobre algunos de los deportes m&#xE1;s practicados &#x2026;.77                                    Alimentaci&#xF3;n del deportista &#x2026;.99
</subfield>
  </datafield>
  <datafield tag="650" ind1="7" ind2=" ">
    <subfield code="2">Sears</subfield>
    <subfield code="a">Entrenamiento deportivo</subfield>
  </datafield>
  <datafield tag="700" ind1=" " ind2=" ">
    <subfield code="e">sustentante</subfield>
  </datafield>
  <datafield tag="942" ind1=" " ind2=" ">
    <subfield code="2">ddc</subfield>
    <subfield code="c">BK</subfield>
  </datafield>
  <datafield tag="999" ind1=" " ind2=" ">
    <subfield code="c">7586</subfield>
    <subfield code="d">7586</subfield>
  </datafield>
  <datafield tag="952" ind1=" " ind2=" ">
    <subfield code="0">0</subfield>
    <subfield code="1">0</subfield>
    <subfield code="2">ddc</subfield>
    <subfield code="4">0</subfield>
    <subfield code="7">0</subfield>
    <subfield code="8">CG</subfield>
    <subfield code="a">BEGEM</subfield>
    <subfield code="b">BEGEM</subfield>
    <subfield code="c">GEN</subfield>
    <subfield code="d">2023-08-08</subfield>
    <subfield code="i">23-EERD-01970</subfield>
    <subfield code="l">0</subfield>
    <subfield code="o">796  L864s  1993</subfield>
    <subfield code="p">23-EERD-01970</subfield>
    <subfield code="r">2023-08-08 00:00:00</subfield>
    <subfield code="t">Ej.1</subfield>
    <subfield code="w">2023-08-08</subfield>
    <subfield code="y">BK</subfield>
  </datafield>
</record>
